Nejméně rozvinuté země v mezinárodním společenství a jejich postup ke splnění rozvojových cílů milénia

Definícia a prehľad najmenej rozvinutýcj krajín (NRK). Skladba indexu ekonomickej zraniteľnosti.Medzinárodná pomoc skupine NRK. Oficiálna rozvojová pomoc a ostatné formy financovania rozvoja. Súčasná situácia NRK. Zmena stratégie pomoci NRK zo strany medzinárodného spoločenstva.

Salvato in:
Dettagli Bibliografici
Autore principale: Sýkora, Jiří
Natura: Capitolo di libro
Lingua:ceco
Soggetti:
Tags: Aggiungi Tag
Nessun Tag, puoi essere il primo ad aggiungerne!!

MARC

LEADER 00000naa$a2200000$$$4500
001 0081779
005 20231116104602.2
041 0 |a cze 
044 |a CZ 
245 1 0 |a Nejméně rozvinuté země v mezinárodním společenství a jejich postup ke splnění rozvojových cílů milénia  |c Jiří Sýkora 
520 |a Definícia a prehľad najmenej rozvinutýcj krajín (NRK). Skladba indexu ekonomickej zraniteľnosti.Medzinárodná pomoc skupine NRK. Oficiálna rozvojová pomoc a ostatné formy financovania rozvoja. Súčasná situácia NRK. Zmena stratégie pomoci NRK zo strany medzinárodného spoločenstva. 
610 2 0 |a krajiny rozvojové 
610 2 0 |a pomoc rozvojová 
610 2 0 |a programy rozvojové 
610 2 0 |a politika medzinárodná 
610 2 0 |a spolupráca hospodárska medzinárodná 
610 2 0 |a chudoba 
100 1 |a Sýkora, Jiří